[Event "GEO Women 66 Ch"]
[Site "?"]
[Date "2009.01.21"]
[Round "5.2"]
[White "Lomineishvili, Maia"]
[Black "Arabidze, Meri"]
[Result "1-0"]
[WhiteElo "2437"]
[BlackElo "2246"]
[PlyCount "49"]
[EventDate "2009.01.21"]

1. d4 Nf6 2. c4 e6 3. Nf3 b6 4. a3 Ba6 5. Qb3 c6 6. Bg5 Be7 7. Nc3 d5 8. cxd5
cxd5 9. Bxf6 Bxf6 10. Rc1 O-O 11. e3 Bxf1 12. Kxf1 Nd7 13. g3 a6 14. a4 Qc8 15.
Kg2 Qb7 16. Rc2 Rfc8 17. Rhc1 Rc4 18. e4 Bxd4 19. exd5 exd5 20. Nxd5 Rxc2 21.
Rxc2 Bc5 22. a5 b5 23. Ng5 Rf8 24. Qf3 Qa7 25. Qf5 1-0

[Event "GEO Women 66 Ch"]
[Site "?"]
[Date "2009.01.21"]
[Round "5.3"]
[White "Guramishvili, Sopiko"]
[Black "Mikadze, Miranda"]
[Result "1/2-1/2"]
[WhiteElo "2281"]
[BlackElo "2287"]
[PlyCount "42"]
[EventDate "2009.01.21"]

1. d4 Nf6 2. c4 c6 3. Nc3 d5 4. Nf3 dxc4 5. a4 Na6 6. Ne5 Ng4 7. Nxg4 Bxg4 8.
f3 Be6 9. e4 Nb4 10. Be3 g6 11. a5 b5 12. d5 Bd7 13. Bd4 f6 14. b3 e5 15. Be3
Nd3+ 16. Bxd3 Bb4 17. O-O Bxc3 18. bxc4 Bxa1 19. Qxa1 cxd5 20. cxd5 O-O 21. Qa2
Qe7 1/2-1/2

[Event "GEO Women 66 Ch"]
[Site "?"]
[Date "2009.01.21"]
[Round "5.4"]
[White "Gvetadze, Sopio"]
[Black "Danelia, Mariam"]
[Result "1/2-1/2"]
[WhiteElo "2377"]
[BlackElo "2219"]
[PlyCount "130"]
[EventDate "2009.01.21"]

1. e4 c5 2. Nf3 d6 3. d4 cxd4 4. Nxd4 Nf6 5. f3 e5 6. Nb3 Be6 7. c4 Nbd7 8. Be3
Rc8 9. Na3 a6 10. Be2 Be7 11. O-O O-O 12. Rc1 Ne8 13. Qd2 g6 14. Rfd1 f5 15.
exf5 gxf5 16. f4 Nef6 17. Bf3 Rc7 18. Bf2 Bf7 19. fxe5 dxe5 20. Bb6 Qc8 21.
Bxc7 Qxc7 22. Bd5 Qb6+ 23. Qf2 Nc5 24. Kh1 Bxd5 25. cxd5 Nfe4 26. Qg1 Qh6 27.
g3 Nxb3 28. axb3 f4 29. gxf4+ Kh8 30. Qg2 Qxf4 31. Rf1 Nf2+ 32. Qxf2 Qxf2 33.
Rxf2 Rxf2 34. Nc4 Bg5 35. Re1 Bf4 36. d6 Rxh2+ 37. Kg1 Rh3 38. Rd1 Rxb3 39. d7
Bg5 40. d8=Q+ Bxd8 41. Rxd8+ Kg7 42. Rd2 Kf6 43. Kf2 Rb4 44. Ne3 Ke6 45. Rc2 a5
46. Nd1 h5 47. Rc3 h4 48. Rc7 a4 49. Rc8 h3 50. Re8+ Kf6 51. Kg3 Rb3+ 52. Kh2
Rd3 53. Rf8+ Ke6 54. Rf1 b5 55. Re1 b4 56. Ne3 Rd2+ 57. Kxh3 Rxb2 58. Nc4 Rb3+
59. Kg4 a3 60. Rxe5+ Kd7 61. Ra5 Kc6 62. Ne5+ Kb6 63. Nc4+ Kc6 64. Ne5+ Kb7 65.
Kf4 Rb1 1/2-1/2

[Event "GEO Women 66 Ch"]
[Site "?"]
[Date "2009.01.21"]
[Round "5.5"]
[White "Khurtsidze, Nino"]
[Black "Khukhashvili, Sopiko"]
[Result "1/2-1/2"]
[WhiteElo "2421"]
[BlackElo "2416"]
[PlyCount "73"]
[EventDate "2009.01.21"]

1. d4 Nf6 2. c4 e6 3. Nf3 Bb4+ 4. Nbd2 b6 5. e3 Bb7 6. Bd3 O-O 7. O-O c5 8. a3
Bxd2 9. Bxd2 d6 10. b4 Nbd7 11. Bc3 Qc7 12. Nd2 e5 13. bxc5 exd4 14. exd4 dxc5
15. d5 b5 16. Ne4 bxc4 17. Nxf6+ Nxf6 18. Bxc4 Qf4 19. Bxf6 Qxf6 20. Rb1 Ba6
21. Qa4 Bxc4 22. Qxc4 Rac8 23. Rfd1 Qd6 24. Rb7 a6 25. a4 Rb8 26. Ra7 Ra8 27.
Rb7 Rab8 28. Rdb1 Rxb7 29. Rxb7 f6 30. Ra7 Rd8 31. Rxa6 Qxd5 32. Qxd5+ Rxd5 33.
Ra8+ Kf7 34. Kf1 Rd2 35. a5 Ra2 36. a6 c4 37. g3 1/2-1/2

[Event "GEO Women 66 Ch"]
[Site "?"]
[Date "2009.01.21"]
[Round "5.6"]
[White "Paikidze, Nazi"]
[Black "Tsatsalashvili, Ketevan"]
[Result "1/2-1/2"]
[WhiteElo "2280"]
[BlackElo "2231"]
[PlyCount "64"]
[EventDate "2009.01.21"]

1. e4 c6 2. d4 d5 3. Nc3 dxe4 4. Nxe4 Bf5 5. Ng3 Bg6 6. h4 h6 7. Nf3 Nd7 8. h5
Bh7 9. Bd3 Bxd3 10. Qxd3 e6 11. Bd2 Ngf6 12. O-O-O Be7 13. Qe2 Qc7 14. Ne5 Nxe5
15. dxe5 Nd7 16. Qg4 Rg8 17. Rhe1 O-O-O 18. Bc3 Nc5 19. Ne4 Nxe4 20. Qxe4 Rxd1+
21. Rxd1 Rd8 22. Qg4 Bf8 23. f4 Bc5 24. Qf3 Rxd1+ 25. Kxd1 Qd8+ 26. Ke2 Bd4 27.
Qd3 Bxc3 28. bxc3 Qh4 29. Qf3 Qe7 30. Qd3 Qh4 31. Qf3 Qe7 32. Qd3 Qh4 1/2-1/2

[Event "GEO Women 66 Ch"]
[Site "?"]
[Date "2009.01.22"]
[Round "6.1"]
[White "Melia, Salome"]
[Black "Guramishvili, Sopiko"]
[Result "0-1"]
[WhiteElo "2422"]
[BlackElo "2282"]
[PlyCount "75"]
[EventDate "2009.01.21"]

1. e4 c5 2. Nf3 d6 3. d4 cxd4 4. Nxd4 Nf6 5. Nc3 a6 6. h3 b5 7. g4 Bb7 8. Bg2
e6 9. O-O Nfd7 10. Re1 Be7 11. a4 bxa4 12. Nxa4 h5 13. gxh5 Qa5 14. h6 gxh6 15.
Nc3 Qe5 16. f4 Qg7 17. Be3 Bh4 18. Re2 Rg8 19. Nd5 Bd8 20. Ra3 exd5 21. Nf5 Qg6
22. Rb3 Bc6 23. exd5 Qxf5 24. dxc6 Nxc6 25. Kh1 Rc8 26. Bc5+ Nce5 27. Bxd6 Qxf4
28. Bxe5 Nxe5 29. Qd5 Qc1+ 30. Kh2 Bc7 31. Rxe5+ Kf8 32. Qc5+ Kg7 33. Rg3+ Kh8
34. Qd4 f6 35. Ree3 Rxg3 36. Rxg3 Qg5 37. Qg4 Rg8 38. Qxg5 0-1

[Event "GEO Women 66 Ch"]
[Site "?"]
[Date "2009.01.22"]
[Round "6.2"]
[White "Arabidze, Meri"]
[Black "Gaprindashvili, Nona"]
[Result "0-1"]
[WhiteElo "2246"]
[BlackElo "2376"]
[PlyCount "140"]
[EventDate "2009.01.21"]

1. d4 d5 2. c4 e6 3. Nc3 Nf6 4. Bg5 Be7 5. Nf3 Nbd7 6. e3 h6 7. Bh4 O-O 8. Bd3
c5 9. cxd5 Nxd5 10. Bg3 cxd4 11. Nxd5 exd5 12. Nxd4 Qa5+ 13. Kf1 Nc5 14. Bc2
Bf6 15. f3 Re8 16. Kf2 Qb6 17. Qd2 Ne6 18. Nf5 d4 19. Rhe1 dxe3+ 20. Nxe3 Rd8
21. Qe2 Nd4 22. Nc4 Qc6 23. Qe4 Nxc2 24. Qxc2 Be6 25. Ne3 Qxc2+ 26. Nxc2 Bxb2
27. Rab1 Bc3 28. Re3 Rd2+ 29. Re2 Rad8 30. Bf4 Rxe2+ 31. Kxe2 b6 32. a3 g5 33.
Be3 Be5 34. Nb4 Bxh2 35. Kf2 Rc8 36. Rh1 Bd6 37. Rxh6 a5 38. Nd5 Rc2+ 39. Kg1
Bf8 40. Rh5 Bxa3 41. Rxg5+ Kf8 42. Nxb6 Bb4 43. Re5 Rc6 44. f4 f6 45. Rb5 Rc3
46. Kf2 Rb3 47. Kf3 Kg7 48. g4 Rd3 49. Ke2 Rd8 50. f5 Bf7 51. Bc5 Be8 52. Rxb4
axb4 53. Bxb4 Rd4 54. Bc3 Rd6 55. Ba5 Bb5+ 56. Kf2 Kh6 57. Nc8 Rd7 58. Bb4 Kg5
59. Nd6 Kxg4 60. Ke3 Bc6 61. Kd4 Bg2 62. Kc5 Re7 63. Bc3 Rc7+ 64. Kd4 Rc6 65.
Nc4 Bf3 66. Ne3+ Kf4 67. Bb4 Ra6 68. Bd2 Rd6+ 69. Kc3 Ke4 70. Nf1 Kxf5 0-1

[Event "GEO Women 66 Ch"]
[Site "?"]
[Date "2009.01.22"]
[Round "6.3"]
[White "Paikidze, Nazi"]
[Black "Lomineishvili, Maia"]
[Result "1/2-1/2"]
[WhiteElo "2280"]
[BlackElo "2437"]
[PlyCount "42"]
[EventDate "2009.01.21"]

1. d4 Nf6 2. Bg5 Ne4 3. Bf4 c5 4. f3 Qa5+ 5. c3 Nf6 6. d5 d6 7. e4 g6 8. Nd2
Bg7 9. Nc4 Qd8 10. a4 O-O 11. Qd2 Nbd7 12. Nh3 Nb6 13. Nf2 Bd7 14. a5 Nxc4 15.
Bxc4 b5 16. axb6 axb6 17. O-O b5 18. Be2 Qb6 19. Be3 Qb7 20. f4 Rxa1 21. Rxa1
Ra8 1/2-1/2

[Event "GEO Women 66 Ch"]
[Site "?"]
[Date "2009.01.22"]
[Round "6.4"]
[White "Mikadze, Miranda"]
[Black "Gvetadze, Sopio"]
[Result "1-0"]
[WhiteElo "2287"]
[BlackElo "2377"]
[PlyCount "49"]
[EventDate "2009.01.21"]

1. d4 f5 2. Nc3 d5 3. Bg5 c6 4. e3 Qb6 5. a3 Nd7 6. Bd3 e6 7. Rb1 c5 8. g4 fxg4
9. Qxg4 Ngf6 10. Qh4 a6 11. Nf3 Bd6 12. Rg1 cxd4 13. exd4 Qc7 14. Kd2 O-O 15.
Rbe1 e5 16. Bxf6 Nxf6 17. dxe5 Bxe5 18. Nxe5 Be6 19. Ng6 Rfe8 20. Nf4 Qf7 21.
Nxe6 Rxe6 22. Rxe6 Qxe6 23. Nxd5 Qxd5 24. Qxf6 Qd7 25. Qf5 1-0

[Event "GEO Women 66 Ch"]
[Site "?"]
[Date "2009.01.22"]
[Round "6.5"]
[White "Danelia, Mariam"]
[Black "Khurtsidze, Nino"]
[Result "1-0"]
[WhiteElo "2219"]
[BlackElo "2421"]
[PlyCount "77"]
[EventDate "2009.01.21"]

1. d4 Nf6 2. c4 e6 3. Nc3 Bb4 4. Qc2 O-O 5. a3 Bxc3+ 6. Qxc3 b6 7. Bg5 Bb7 8.
e3 d6 9. Ne2 Nbd7 10. Qc2 c5 11. Rd1 Rc8 12. Nc3 Qe7 13. Be2 h6 14. Bh4 Bxg2
15. Rg1 Bb7 16. dxc5 Rxc5 17. Rd4 Kh8 18. Qd2 Ne5 19. b4 Rcc8 20. Nb5 Ng6 21.
Nxd6 Rb8 22. Bxf6 Qxf6 23. Bh5 Ne5 24. Rg3 Nf3+ 25. Bxf3 Bxf3 26. e4 e5 27. Rd5
Bh5 28. Nf5 Bg6 29. Rd6 Rbd8 30. Rxf6 Rxd2 31. Rfxg6 fxg6 32. Kxd2 gxf5 33.
exf5 Rxf5 34. Ke2 Rh5 35. c5 bxc5 36. bxc5 Rxh2 37. c6 Rh4 38. Rc3 Re4+ 39. Kf1
1-0

[Event "GEO Women 66 Ch"]
[Site "?"]
[Date "2009.01.22"]
[Round "6.6"]
[White "Tsatsalashvili, Ketevan"]
[Black "Khukhashvili, Sopiko"]
[Result "1-0"]
[WhiteElo "2231"]
[BlackElo "2416"]
[PlyCount "125"]
[EventDate "2009.01.21"]

1. d4 d6 2. e4 Nf6 3. f3 Nbd7 4. c4 e5 5. d5 c6 6. Nc3 Be7 7. Be3 cxd5 8. cxd5
a6 9. Bd3 b5 10. b4 Nh5 11. a4 bxa4 12. Qxa4 Bb7 13. Nge2 Bg5 14. Bf2 Nf4 15.
Nxf4 exf4 16. O-O O-O 17. b5 Bf6 18. Qb3 Rc8 19. Rac1 Nc5 20. Bxc5 Rxc5 21.
bxa6 Bxa6 22. Bxa6 Rxc3 23. Rxc3 Bxc3 24. Qxc3 Qb6+ 25. Kh1 Qxa6 26. Rc1 h6 27.
Qd2 g5 28. Qc2 Qa3 29. h3 Rb8 30. Qc3 Rb3 31. Qa1 Qxa1 32. Rxa1 Kf8 33. Ra8+
Ke7 34. Rh8 Kf6 35. Rxh6+ Ke5 36. Rh5 f6 37. h4 Kd4 38. hxg5 fxg5 39. Rxg5 Rb8
40. Rg6 Ke3 41. Rxd6 Kf2 42. Rh6 Kg3 43. Rh3+ Kf2 44. d6 Rb1+ 45. Kh2 Rg1 46.
Rh5 Rxg2+ 47. Kh3 Kxf3 48. d7 Rg3+ 49. Kh2 Rg2+ 50. Kh1 Rg8 51. e5 Kg3 52. e6
f3 53. Kg1 Ra8 54. Rg5+ Kf4 55. Rf5+ Kg3 56. Rg5+ Kf4 57. e7 Ra1+ 58. Kh2 f2
59. e8=Q Rh1+ 60. Kxh1 f1=Q+ 61. Kh2 Qf2+ 62. Rg2 Qh4+ 63. Kg1 1-0

[Event "GEO Women 66 Ch"]
[Site "?"]
[Date "2009.01.24"]
[Round "7.1"]
[White "Gvetadze, Sopio"]
[Black "Melia, Salome"]
[Result "0-1"]
[WhiteElo "2377"]
[BlackElo "2422"]
[PlyCount "40"]
[EventDate "2009.01.21"]

1. e4 c5 2. Nc3 Nc6 3. g3 e6 4. Bg2 Nf6 5. Nge2 d5 6. exd5 exd5 7. d4 cxd4 8.
Nxd4 Bg4 9. Qd3 Bc5 10. Be3 Bxd4 11. Bxd4 Qe7+ 12. Kf1 Nxd4 13. Qxd4 O-O 14.
Re1 Be6 15. Nxd5 Nxd5 16. Bxd5 Rad8 17. Re5 Rxd5 18. Qxd5 Bxd5 19. Rxe7 Bxh1
20. c4 Bc6 0-1

[Event "GEO Women 66 Ch"]
[Site "?"]
[Date "2009.01.24"]
[Round "7.2"]
[White "Guramishvili, Sopiko"]
[Black "Arabidze, Meri"]
[Result "1-0"]
[WhiteElo "2281"]
[BlackElo "2246"]
[PlyCount "143"]
[EventDate "2009.01.21"]

1. d4 Nf6 2. c4 e6 3. Nf3 b6 4. g3 Ba6 5. Qc2 Bb7 6. Bg2 c5 7. d5 exd5 8. cxd5
Bxd5 9. Nc3 Bc6 10. O-O Be7 11. Rd1 O-O 12. e4 Na6 13. a3 Nc7 14. Nh4 Ne6 15.
Nf5 Nd4 16. Nxd4 cxd4 17. Rxd4 Bc5 18. Rd2 a5 19. b3 Rc8 20. Bb2 Re8 21. Qd1 h5
22. Nd5 Nxe4 23. Bxe4 Rxe4 24. Qxh5 Re6 25. b4 Bf8 26. Nf4 Rh6 27. Qg4 axb4 28.
axb4 b5 29. Rad1 Qe7 30. Rd4 Re8 31. Bc3 Qd8 32. Nd5 Ree6 33. Bd2 Reg6 34. Qf5
Rh7 35. Rf4 Qe8 36. Nc7 Qe7 37. Re1 Re6 38. Nxe6 dxe6 39. Qd3 Rh5 40. Rd4 Qf6
41. h4 Rd5 42. Rxd5 Bxd5 43. Bc3 Qh6 44. Qxb5 g5 45. Qe2 Be7 46. Rd1 Kf8 47.
Qa6 f6 48. Rxd5 exd5 49. Qa8+ Kg7 50. Qe8 Bf8 51. Bd2 Qg6 52. Qd7+ Kh8 53. hxg5
Qd3 54. Qh3+ Kg7 55. gxf6+ Kxf6 56. Qh8+ Kf7 57. Qc3 Qe4 58. Qe3 Qb1+ 59. Kg2
Be7 60. Bc3 Qb3 61. Qd4 Ke6 62. g4 Qb1 63. Qe5+ Kf7 64. Qxd5+ Ke8 65. Qb5+ Kd8
66. Qd5+ Ke8 67. b5 Qc2 68. Qc6+ Kf7 69. Qf3+ Ke8 70. b6 Qb3 71. Qc6+ Kf7 72.
b7 1-0

[Event "GEO Women 66 Ch"]
[Site "?"]
[Date "2009.01.24"]
[Round "7.3"]
[White "Gaprindashvili, Nona"]
[Black "Paikidze, Nazi"]
[Result "0-1"]
[WhiteElo "2376"]
[BlackElo "2280"]
[PlyCount "66"]
[EventDate "2009.01.21"]

1. d4 d5 2. c4 c6 3. cxd5 cxd5 4. Nc3 Nf6 5. Bf4 Nc6 6. e3 e6 7. Nf3 Be7 8. Bd3
a6 9. Rc1 Nh5 10. Bg3 Qb6 11. Qe2 Bd7 12. Bb1 Rc8 13. O-O Nxg3 14. hxg3 Qa5 15.
e4 O-O 16. Rfd1 g6 17. Qe3 Kg7 18. g4 h6 19. g3 dxe4 20. Qxe4 Bf6 21. Ne5 Be8
22. f4 Nxe5 23. dxe5 Qb6+ 24. Kf1 Be7 25. Qe2 Qa5 26. Be4 b5 27. a3 b4 28. axb4
Bxb4 29. Bd3 Bxc3 30. bxc3 Ba4 31. Rd2 Rxc3 32. Rxc3 Qxc3 33. Kf2 Rd8 0-1

[Event "GEO Women 66 Ch"]
[Site "?"]
[Date "2009.01.24"]
[Round "7.4"]
[White "Khukhashvili, Sopiko"]
[Black "Danelia, Mariam"]
[Result "1-0"]
[WhiteElo "2416"]
[BlackElo "2219"]
[PlyCount "125"]
[EventDate "2009.01.21"]

1. e4 c5 2. Nf3 d6 3. d4 cxd4 4. Nxd4 Nf6 5. Nc3 Nc6 6. Bc4 e6 7. Be3 a6 8. Qe2
Be7 9. O-O-O Qc7 10. Bb3 Na5 11. Kb1 b5 12. f3 Nxb3 13. axb3 Bb7 14. g4 Rc8 15.
g5 Nd7 16. h4 b4 17. Na4 Nc5 18. h5 Nxa4 19. bxa4 O-O 20. b3 d5 21. exd5 Bxd5
22. Nf5 exf5 23. Rxd5 Rfe8 24. Qf2 Bd6 25. Bd4 Be5 26. Bxe5 Rxe5 27. Rhd1 f4
28. h6 Qe7 29. Qd4 f6 30. gxf6 gxf6 31. Qg1+ Rg5 32. Rxg5+ fxg5 33. Rd5 Qf6 34.
Qxg5+ Qxg5 35. Rxg5+ Kf7 36. Rg7+ Kf6 37. Rxh7 Rc3 38. Rb7 Rxf3 39. Rxb4 Kg5
40. h7 Rh3 41. Rb7 f3 42. Rf7 Kg4 43. Kc1 Kg3 44. Kd2 Rh6 45. Re7 Kg2 46. Rg7+
Kf1 47. c4 f2 48. c5 a5 49. c6 Rd6+ 50. Ke3 Ke1 51. Rf7 Re6+ 52. Kd4 Re8 53.
Kc5 f1=Q 54. Rxf1+ Kxf1 55. c7 Ke2 56. Kc6 Rh8 57. Kb7 Rxh7 58. Kb8 Rh8+ 59.
c8=Q Rxc8+ 60. Kxc8 Kd3 61. Kb7 Kc3 62. Ka6 Kb4 63. Kb6 1-0

[Event "GEO Women 66 Ch"]
[Site "?"]
[Date "2009.01.24"]
[Round "7.5"]
[White "Khurtsidze, Nino"]
[Black "Mikadze, Miranda"]
[Result "1/2-1/2"]
[WhiteElo "2421"]
[BlackElo "2422"]
[PlyCount "95"]
[EventDate "2009.01.21"]

1. d4 Nf6 2. c4 c6 3. Nf3 d5 4. e3 g6 5. Nc3 Bg7 6. cxd5 cxd5 7. Bb5+ Nbd7 8.
Qb3 e6 9. O-O O-O 10. Bd3 b6 11. Bd2 a6 12. Rfc1 Bb7 13. Na4 Ra7 14. Bb4 Re8
15. Rc2 Ne4 16. Rac1 Ba8 17. Nd2 Nxd2 18. Bxd2 Bf8 19. Bb4 Qb8 20. Bxf8 Kxf8
21. Qb4+ Kg7 22. h3 b5 23. Nc5 Qd6 24. a3 Nxc5 25. Rxc5 Rd7 26. a4 bxa4 27.
Qxa4 Bb7 28. b4 Rb8 29. Ra5 Rc7 30. Rcc5 Rc6 31. Qa3 Rb6 32. Bf1 Bc8 33. Qc3
Bd7 34. Rc7 R8b7 35. Rxb7 Rxb7 36. Qc5 Qb8 37. Rxa6 Rxb4 38. Qe7 Rb7 39. Qa3
Rb1 40. Ra8 Qb4 41. Qxb4 Rxb4 42. Ra7 Bc6 43. g4 g5 44. Rc7 Ba4 45. Bd3 Rb3 46.
Bc2 Rb4 47. Bd3 Rb3 48. Bc2 1/2-1/2

[Event "GEO Women 66 Ch"]
[Site "?"]
[Date "2009.01.24"]
[Round "7.6"]
[White "Lomineishvili, Maia"]
[Black "Tsatsalashvili, Ketevan"]
[Result "1-0"]
[WhiteElo "2437"]
[BlackElo "2231"]
[PlyCount "99"]
[EventDate "2009.01.21"]

1. d4 Nf6 2. c4 e6 3. Nc3 Bb4 4. Bg5 h6 5. Bh4 b6 6. f3 Bxc3+ 7. bxc3 d6 8. e4
Nbd7 9. Bd3 c5 10. Ne2 e5 11. O-O g5 12. Bf2 Nf8 13. Ng3 Ng6 14. Nf5 Nf4 15. a4
a5 16. Rb1 Be6 17. Re1 Qc7 18. Bf1 Rd8 19. Qb3 Bxf5 20. exf5 Nd7 21. Qd1 f6 22.
g3 Nh5 23. f4 Ng7 24. Bd3 O-O 25. Be4 Kh8 26. Rc1 Rde8 27. Qd3 Re7 28. Bd5 Qd8
29. dxe5 dxe5 30. Rcd1 Qc7 31. fxg5 fxg5 32. g4 Nf6 33. Qh3 h5 34. Be3 Nh7 35.
Rf1 Qd6 36. Bf7 Qh6 37. Bg6 h4 38. Rd6 Rf6 39. Rfd1 Ne8 40. Rd8 Rxg6 41. fxg6
Qxg6 42. Qf3 Kg7 43. R1d7 Rxd7 44. Rxd7+ Kh6 45. Rb7 Qb1+ 46. Kg2 Nd6 47. Re7
Qg6 48. Qf2 Qe4+ 49. Kh3 Nf5 50. Rxh7+ 1-0

[Event "GEO Women 66 Ch"]
[Site "?"]
[Date "2009.01.25"]
[Round "8.1"]
[White "Melia, Salome"]
[Black "Khurtsidze, Nino"]
[Result "1-0"]
[WhiteElo "2422"]
[BlackElo "2421"]
[PlyCount "79"]
[EventDate "2009.01.21"]

1. e4 c5 2. Nf3 e6 3. d4 cxd4 4. Nxd4 a6 5. Bd3 Qc7 6. O-O Nf6 7. Qe2 d6 8. c4
g6 9. Nc3 Bg7 10. Nf3 Nc6 11. Bf4 Nd7 12. Rac1 Nde5 13. Rfd1 O-O 14. b3 Nxf3+
15. Qxf3 Ne5 16. Qe3 Bd7 17. Be2 Rfd8 18. Bh6 Bh8 19. f4 Nc6 20. Bg5 Re8 21.
Kh1 Bg7 22. Bf3 Na7 23. Qd2 Bc6 24. Nd5 exd5 25. cxd5 f6 26. Bh4 Rad8 27. Bf2
Nc8 28. dxc6 bxc6 29. Qd3 Ne7 30. Qxa6 Ra8 31. Qc4+ Kh8 32. a4 Rab8 33. b4 Qb7
34. Rb1 Qa8 35. a5 Rb5 36. Rxd6 Qb8 37. Bc5 Rxa5 38. Rd7 Bf8 39. Rbd1 Rb5 40.
Qf7 1-0

[Event "GEO Women 66 Ch"]
[Site "?"]
[Date "2009.01.25"]
[Round "8.2"]
[White "Arabidze, Meri"]
[Black "Gvetadze, Sopio"]
[Result "0-1"]
[WhiteElo "2246"]
[BlackElo "2377"]
[PlyCount "72"]
[EventDate "2009.01.21"]

1. d4 d5 2. c4 e6 3. Nc3 c6 4. Nf3 f5 5. Bf4 Bd6 6. Bxd6 Qxd6 7. g3 Nf6 8. Bg2
Nbd7 9. O-O O-O 10. Qd3 Ne4 11. a3 b6 12. cxd5 exd5 13. b4 Bb7 14. Rac1 a5 15.
b5 c5 16. dxc5 bxc5 17. Rfd1 Ndf6 18. Nh4 Qe6 19. Na4 g5 20. Nf3 Rac8 21. Rf1
Rfd8 22. Nd2 Nd7 23. f3 Nd6 24. Rf2 c4 25. Qb1 d4 26. Nf1 c3 27. e3 Qc4 28. Nb2
Qxb5 29. Nd3 Qxb1 30. Rxb1 Ba6 31. Nc1 d3 32. Na2 c2 33. Rc1 Nc5 34. Nd2 Nc4
35. Bf1 Nxd2 36. Rxd2 Nb3 0-1

[Event "GEO Women 66 Ch"]
[Site "?"]
[Date "2009.01.25"]
[Round "8.3"]
[White "Paikidze, Nazi"]
[Black "Guramishvili, Sopiko"]
[Result "1/2-1/2"]
[WhiteElo "2280"]
[BlackElo "2281"]
[PlyCount "61"]
[EventDate "2009.01.21"]

1. e4 c5 2. Nf3 d6 3. d4 cxd4 4. Nxd4 Nf6 5. Nc3 a6 6. Bg5 Nbd7 7. f4 e5 8.
fxe5 dxe5 9. Nb3 Be7 10. Qf3 b5 11. O-O-O Qc7 12. h4 Bb7 13. Bd3 h6 14. Bxf6
Nxf6 15. g4 b4 16. Nd5 Nxd5 17. exd5 Rd8 18. Be4 Rd6 19. Kb1 a5 20. Qg3 a4 21.
Nc1 a3 22. b3 O-O 23. g5 f5 24. gxf6 Rdxf6 25. Ne2 Bd6 26. Rhg1 Ba6 27. c4 bxc3
28. Nxc3 Rb8 29. Rc1 Qa7 30. Rg2 Bf1 31. Rg1 1/2-1/2

[Event "GEO Women 66 Ch"]
[Site "?"]
[Date "2009.01.25"]
[Round "8.4"]
[White "Lomineishvili, Maia"]
[Black "Gaprindashvili, Nona"]
[Result "1-0"]
[WhiteElo "2437"]
[BlackElo "2376"]
[PlyCount "69"]
[EventDate "2009.01.21"]

1. d4 g6 2. c4 d6 3. Nc3 Nd7 4. g3 Bg7 5. Bg2 e5 6. Nf3 Nh6 7. dxe5 dxe5 8. h4
f6 9. Ng5 Nf8 10. Qb3 c6 11. Nge4 Nf5 12. c5 Ne6 13. e3 h5 14. Bd2 Qe7 15. Qc4
Nd8 16. O-O-O Be6 17. Qb4 Nf7 18. Be1 O-O 19. Bd2 Rfd8 20. f3 N5h6 21. Bh3 f5
22. Nf2 b6 23. g4 bxc5 24. Qa4 hxg4 25. fxg4 Nd6 26. gxf5 gxf5 27. e4 f4 28.
Qxc6 Bxh3 29. Nxh3 Rac8 30. Qa6 Ng4 31. Nd5 Qe8 32. Ba5 Rd7 33. Rhg1 Qh5 34.
Qe2 Qxh4 35. Qxg4 1-0

[Event "GEO Women 66 Ch"]
[Site "?"]
[Date "2009.01.25"]
[Round "8.5"]
[White "Mikadze, Miranda"]
[Black "Khukhashvili, Sopiko"]
[Result "1/2-1/2"]
[WhiteElo "2287"]
[BlackElo "2416"]
[PlyCount "92"]
[EventDate "2009.01.21"]

1. e4 c5 2. Nf3 d6 3. Bc4 Nf6 4. Qe2 Nc6 5. h3 e6 6. Bb3 Be7 7. c3 d5 8. e5 Nd7
9. O-O c4 10. Bc2 b5 11. d3 b4 12. dxc4 Ba6 13. b3 Rc8 14. a3 bxc3 15. Nxc3 Nc5
16. Rd1 Qc7 17. Nb5 Qb8 18. Bf4 O-O 19. Rab1 Nd7 20. Nd6 Rcd8 21. Ng5 Bxg5 22.
Bxg5 Ncxe5 23. Bxd8 Qxd6 24. Ba5 Rc8 25. Bc3 Qc7 26. Re1 Ng6 27. Bxg6 hxg6 28.
Rbc1 Nc5 29. Ba1 d4 30. Qd1 e5 31. b4 Ne6 32. c5 Nf4 33. Rc2 f6 34. Rd2 Bc4 35.
f3 Be6 36. Bb2 Kf7 37. Bc1 Nd5 38. Rf2 g5 39. Qd3 Rh8 40. Bd2 Qc8 41. Kf1 Ne7
42. f4 Bf5 43. Qb3+ Be6 44. Qd3 Bf5 45. Qb3+ Be6 46. Qd3 Bf5 1/2-1/2

[Event "GEO Women 66 Ch"]
[Site "?"]
[Date "2009.01.25"]
[Round "8.6"]
[White "Tsatsalashvili, Ketevan"]
[Black "Danelia, Mariam"]
[Result "1-0"]
[WhiteElo "2231"]
[BlackElo "2219"]
[PlyCount "38"]
[EventDate "2009.01.21"]

1. d4 Nf6 2. c4 g6 3. Nc3 d5 4. Bg5 Ne4 5. Bh4 c5 6. cxd5 Nxc3 7. bxc3 Qxd5 8.
e3 Nc6 9. Qf3 Qf5 10. Bb5 Bd7 11. Qxf5 gxf5 12. Nf3 e6 13. O-O Be7 14. Bg3 f6
15. Rfd1 cxd4 16. cxd4 a6 17. Be2 Na5 18. Bc7 Bd8 19. Bd6 Be7 1-0

[Event "GEO Women 66 Ch"]
[Site "?"]
[Date "2009.01.26"]
[Round "9.1"]
[White "Khukhashvili, Sopiko"]
[Black "Melia, Salome"]
[Result "1-0"]
[WhiteElo "2416"]
[BlackElo "2422"]
[PlyCount "59"]
[EventDate "2009.01.21"]

1. e4 c5 2. Nf3 d6 3. d4 cxd4 4. Nxd4 Nf6 5. Nc3 Nc6 6. Bg5 e6 7. Qd2 Be7 8.
O-O-O Nxd4 9. Qxd4 O-O 10. f4 Qa5 11. e5 dxe5 12. Qxe5 Qxe5 13. fxe5 Nd5 14.
Bxe7 Nxe7 15. Bd3 Nc6 16. Rhe1 Rd8 17. b4 Bd7 18. b5 Ne7 19. Be4 Rab8 20. Rd3
Nd5 21. Nxd5 Bxb5 22. Nf6+ gxf6 23. Rg3+ Kh8 24. exf6 Bc6 25. Rg7 h6 26. Bd3
Rbc8 27. Re3 Rd5 28. Rh3 h5 29. Rh7+ Kg8 30. Rg3+ 1-0

[Event "GEO Women 66 Ch"]
[Site "?"]
[Date "2009.01.26"]
[Round "9.2"]
[White "Khurtsidze, Nino"]
[Black "Arabidze, Meri"]
[Result "1-0"]
[WhiteElo "2421"]
[BlackElo "2246"]
[PlyCount "60"]
[EventDate "2009.01.21"]

1. d4 Nf6 2. c4 e6 3. Nc3 Bb4 4. Qc2 O-O 5. a3 Bxc3+ 6. Qxc3 b6 7. Bg5 d6 8. e3
Bb7 9. Ne2 Nbd7 10. Qc2 c5 11. Rd1 cxd4 12. Rxd4 Qc7 13. Nc3 Qc5 14. Bh4 Rac8
15. Qd2 d5 16. cxd5 Nxd5 17. Nxd5 Bxd5 18. e4 Qc1+ 19. Qxc1 Rxc1+ 20. Kd2 Rfc8
21. exd5 e5 22. Ra4 R8c2+ 23. Ke3 a5 24. Bd3 Rxh1 25. Bxc2 Rxh2 26. Rc4 g6 27.
Be4 b5 28. Rc8+ Kg7 29. Bd3 Rxg2 30. Bxb5 Nb6 1-0

[Event "GEO Women 66 Ch"]
[Site "?"]
[Date "2009.01.26"]
[Round "9.3"]
[White "Gvetadze, Sopio"]
[Black "Paikidze, Nazi"]
[Result "0-1"]
[WhiteElo "2377"]
[BlackElo "2280"]
[PlyCount "120"]
[EventDate "2009.01.21"]

1. e4 c5 2. Na3 d6 3. f4 Nc6 4. Bb5 Qc7 5. Nf3 a6 6. Bxc6+ Qxc6 7. d3 g6 8. O-O
Bg7 9. Qe1 Bg4 10. c3 Nf6 11. Nc2 Bxf3 12. Rxf3 O-O 13. Rh3 Qd7 14. f5 d5 15.
Bg5 dxe4 16. dxe4 Qa4 17. Bxf6 Bxf6 18. b3 Qc6 19. Qe3 Bg7 20. Rf1 Qd6 21. Qf2
Rad8 22. Qh4 h6 23. Ne3 Qf6 24. Qf4 Qxc3 25. Nd5 Qe5 26. Qxe5 Bxe5 27. Rxh6 Kg7
28. Rh3 Rd7 29. g4 b5 30. Rhf3 g5 31. Kg2 Rh8 32. h3 e6 33. fxe6 fxe6 34. Ne3
Rd2+ 35. R1f2 Rhd8 36. Nf1 Rxf2+ 37. Rxf2 c4 38. bxc4 bxc4 39. Nd2 c3 40. Nb3
Bf4 41. Kf3 Rd3+ 42. Ke2 Rxh3 43. Kd1 Be3 44. Re2 Kf6 45. Kc2 Ke5 46. Kxc3 Kxe4
47. Kc4 Kf3 48. Kd3 Kf4 49. Nd4 Bxd4+ 50. Kxd4 Ra3 51. Rxe6 Rxa2 52. Re4+ Kf3
53. Re3+ Kxg4 54. Ke5 Ra5+ 55. Kf6 Kf4 56. Rc3 g4 57. Rc4+ Kg3 58. Rc8 Kg2 59.
Rc2+ Kh3 60. Rc8 g3 0-1

[Event "GEO Women 66 Ch"]
[Site "?"]
[Date "2009.01.26"]
[Round "9.4"]
[White "Guramishvili, Sopiko"]
[Black "Lomineishvili, Maia"]
[Result "1/2-1/2"]
[WhiteElo "2281"]
[BlackElo "2437"]
[PlyCount "61"]
[EventDate "2009.01.21"]

1. Nf3 c5 2. c4 Nc6 3. Nc3 e5 4. g3 g6 5. Bg2 Bg7 6. O-O d6 7. d3 Nge7 8. Ne1
O-O 9. Nc2 Be6 10. Rb1 d5 11. b3 Rc8 12. Ba3 b6 13. e4 dxc4 14. bxc4 Nd4 15.
Nxd4 exd4 16. Nd5 f5 17. Re1 Nxd5 18. cxd5 Bf7 19. Bh3 Rc7 20. Bc1 fxe4 21.
dxe4 c4 22. e5 Qxd5 23. e6 Be8 24. e7 Rf6 25. Bf4 Rc5 26. Re5 Qxe5 27. Bxe5
Rxe5 28. Qxd4 Rxe7 29. Qxc4+ Bf7 30. Qc2 Rd6 31. a4 1/2-1/2

[Event "GEO Women 66 Ch"]
[Site "?"]
[Date "2009.01.26"]
[Round "9.5"]
[White "Danelia, Mariam"]
[Black "Mikadze, Miranda"]
[Result "1/2-1/2"]
[WhiteElo "2214"]
[BlackElo "2287"]
[PlyCount "54"]
[EventDate "2009.01.21"]

1. d4 Nf6 2. c4 c6 3. Nf3 d5 4. e3 g6 5. Nc3 Bg7 6. Be2 O-O 7. O-O Be6 8. Ng5
Bf5 9. cxd5 cxd5 10. Qb3 Bc8 11. Bd2 Nc6 12. Rfc1 e6 13. Na4 h6 14. Nf3 Ne4 15.
Be1 Qd6 16. Bb5 Bd7 17. Nc5 Nxc5 18. Rxc5 Rfc8 19. Rac1 Bf6 20. a3 Rab8 21. Qc2
a6 22. Be2 Qf8 23. Qd1 Be7 24. R5c2 Bd6 25. Bd3 Kg7 26. Qe2 Qd8 27. Bc3 Na7
1/2-1/2